| 000 | 01844cam a2200433Ia 4500 | ||
|---|---|---|---|
| 001 | 9780203153499 | ||
| 003 | BD-DhSAU | ||
| 005 | 20151012151720.0 | ||
| 006 | a|||||s||||||||||| | ||
| 007 | cr|||| | ||
| 008 | 130212s2012 enkabd sb 001 0 eng d | ||
| 020 | _a9780203153499 (e-book : PDF) | ||
| 040 |
_aBD-DhSAU _cBD-DhSAU |
||
| 043 | _af------ | ||
| 090 |
_aDT6.7 _b.B56 2012 |
||
| 092 |
_a960 _bB614 |
||
| 100 | 1 | _aBinns, Tony. | |
| 245 | 1 | 0 |
_aAfrica _h[electronic resource] : _bdiversity and development / _cTony Binns, Alan Dixon and Etienne Nel. |
| 260 |
_aMilton Park, Abingdon, Oxon ; _aNew York, N.Y. : _bRoutledge, _c2012. |
||
| 300 |
_axvii, 414 p. : _bill., maps. |
||
| 500 | _a"Simultaneously published in the USA and Canada"--T.p. verso. | ||
| 504 | _aIncludes bibliographical references and index. | ||
| 505 | 0 | _ach. 1. Africa : continuity and change -- ch. 2. Africa's people -- ch. 3. African environments -- ch. 4. Rural Africa -- ch. 5. Urban Africa -- ch. 6. Health and development -- ch. 7. Conflict and post-conflict -- ch. 8. African economies -- ch. 9. Developing Africa -- ch. 10. What future for Africa? | |
| 530 | _aAlso available in print edition. | ||
| 538 | _aMode of access: World Wide Web. | ||
| 651 | 0 |
_aAfrica _xGeography. |
|
| 651 | 0 |
_aAfrica _xSocial conditions. |
|
| 650 | 0 |
_aSocial change _zAfrica. |
|
| 650 | 0 |
_aSocial conflict _zAfrica. |
|
| 650 | 0 |
_aCultural pluralism _zAfrica. |
|
| 651 | 0 |
_aAfrica _xEconomic conditions. |
|
| 650 | 0 |
_aEconomic development _zAfrica. |
|
| 651 | 0 |
_aAfrica _xEnvironmental conditions. |
|
| 655 | 7 |
_aElectronic books. _2lcsh |
|
| 700 | 1 |
_aDixon, Alan, _d1972- |
|
| 700 | 1 | _aNel, E. L. | |
| 776 | 1 |
_z9780415413671 (hardback : alk. paper) _z9780415413688 (pbk. : alk. paper) |
|
| 856 | 4 | 0 | _uhttp://www.tandfebooks.com/isbn/9780203153499 |
| 999 |
_c12663 _d12662 |
||